008270000a2200277000450024501000000065000210010065000150012165000240013665000230016065100410018304100130022470000190023770000160025670000150027270000200028770000170030770000190032470000140034370000200035770000180037770000200039570000170041570000220043210000200045477300750047410aBiodiversity inventories, indicator taxa and effects of habitat modification in tropical forest14aHábitat animal14aDisturbios14aRiqueza de especies14aTaxonomía animal 4lReserva forestal MbalmayopCamerún0 aInglés1 aBignell, D. E.1 aWatt, A. D.1 aBolton, B.1 aBloemers, G. F.1 aEggleton, P.1 aHammond, P. M.1 aHodda, M.1 aHolt, Robert D.1 aLarsen, T. B.1 aMawdsley, N. A.1 aStork, N. E.1 aSrivastava, D. S.1 aLawton, John H.1 tNature: International Weekly Journal of Science3172q72-76d1998g391